<?xml version="1.0" encoding="UTF-8"?>
<record
    xmlns:xsi="http://www.w3.org/2001/XMLSchema-instance"
    xsi:schemaLocation="http://www.loc.gov/MARC21/slim http://www.loc.gov/standards/marcxml/schema/MARC21slim.xsd"
    xmlns="http://www.loc.gov/MARC21/slim">

  <leader>01400nam0a22003131  4500</leader>
  <controlfield tag="001">v19\rc\1884079</controlfield>
  <controlfield tag="005">20260405071920.0</controlfield>
  <datafield tag="035" ind1=" " ind2=" ">
    <subfield code="a">(NLR Aleph) 004988981</subfield>
  </datafield>
  <datafield tag="090" ind1=" " ind2=" ">
    <subfield code="a">6265381</subfield>
    <subfield code="c">6265381</subfield>
  </datafield>
  <datafield tag="100" ind1=" " ind2=" ">
    <subfield code="a">20080221d1910    |||y0rusy50      ca</subfield>
  </datafield>
  <datafield tag="101" ind1="0" ind2=" ">
    <subfield code="a">rus</subfield>
  </datafield>
  <datafield tag="102" ind1=" " ind2=" ">
    <subfield code="a">RU</subfield>
  </datafield>
  <datafield tag="105" ind1=" " ind2=" ">
    <subfield code="a">y   z   |||a|</subfield>
  </datafield>
  <datafield tag="200" ind1="1" ind2=" ">
    <subfield code="a">&#x421;&#x432;&#x430;&#x434;&#x435;&#x431;&#x43D;&#x44B;&#x439; &#x431;&#x443;&#x43D;&#x442;</subfield>
    <subfield code="e">[1705 &#x433;.]</subfield>
    <subfield code="e">&#x418;&#x441;&#x442;. &#x440;&#x43E;&#x43C;&#x430;&#x43D;</subfield>
    <subfield code="a">[&#x422;&#x438;&#x448;&#x435;&#x433;&#x43B;&#x430;&#x434;&#x441;&#x43A;&#x438;&#x439; &#x445;&#x443;&#x442;&#x43E;&#x440;</subfield>
    <subfield code="e">&#x420;&#x430;&#x441;&#x441;&#x43A;&#x430;&#x437;</subfield>
    <subfield code="a">&#x417;&#x430;&#x441;&#x435;&#x43A;&#x438;&#x43D;&#x441;&#x43A;&#x438;&#x439; &#x434;&#x43E;&#x43C;</subfield>
    <subfield code="e">&#x420;&#x430;&#x441;&#x441;&#x43A;&#x430;&#x437;-&#x445;&#x440;&#x43E;&#x43D;&#x438;&#x43A;&#x430;. [1613-1892]</subfield>
    <subfield code="f">&#x413;&#x440;. &#x421;&#x430;&#x43B;&#x438;&#x430;&#x441;</subfield>
  </datafield>
  <datafield tag="210" ind1=" " ind2=" ">
    <subfield code="a">&#x41C;&#x43E;&#x441;&#x43A;&#x432;&#x430;</subfield>
    <subfield code="c">&#x410;.&#x410;. &#x41F;&#x435;&#x442;&#x440;&#x43E;&#x432;&#x438;&#x447;</subfield>
    <subfield code="d">1910</subfield>
  </datafield>
  <datafield tag="215" ind1=" " ind2=" ">
    <subfield code="a">286 &#x441;.</subfield>
    <subfield code="d">22</subfield>
  </datafield>
  <datafield tag="225" ind1="1" ind2=" ">
    <subfield code="a">&#x421;&#x43E;&#x431;&#x440;&#x430;&#x43D;&#x438;&#x435; &#x441;&#x43E;&#x447;&#x438;&#x43D;&#x435;&#x43D;&#x438;&#x439;</subfield>
  </datafield>
  <datafield tag="300" ind1=" " ind2=" ">
    <subfield code="a">&#x41D;&#x430; &#x43E;&#x431;&#x43B;.: &#x433;&#x440;. &#x415;.&#x410;. &#x421;&#x430;&#x43B;&#x438;&#x430;&#x441;</subfield>
  </datafield>
  <datafield tag="300" ind1=" " ind2=" ">
    <subfield code="a">&#x418;&#x437;&#x434;. &#x432;&#x44B;&#x448;&#x43B;&#x43E; &#x432; 3 &#x432;&#x44B;&#x43F;.</subfield>
  </datafield>
  <datafield tag="311" ind1=" " ind2=" ">
    <subfield code="a">&#x411;&#x435;&#x441;&#x43F;&#x43B;. &#x43F;&#x440;&#x438;&#x43B;. &#x43A; &#x436;&#x443;&#x440;&#x43D;. "&#x420;&#x43E;&#x434;&#x43D;&#x430;&#x44F; &#x440;&#x435;&#x447;&#x44C;". 1910 &#x433;. &#x41A;&#x43D;. 6-8</subfield>
  </datafield>
  <datafield tag="422" ind1=" " ind2="0">
    <subfield code="1">2001#$a&#x420;&#x43E;&#x434;&#x43D;&#x430;&#x44F; &#x440;&#x435;&#x447;&#x44C;$v1910, &#x43A;&#x43D;. 6-8</subfield>
    <subfield code="t">&#x420;&#x43E;&#x434;&#x43D;&#x430;&#x44F; &#x440;&#x435;&#x447;&#x44C;</subfield>
  </datafield>
  <datafield tag="540" ind1="1" ind2=" ">
    <subfield code="a">&#x422;&#x438;&#x448;&#x435;&#x433;&#x43B;&#x430;&#x434;&#x441;&#x43A;&#x438;&#x439; &#x445;&#x443;&#x442;&#x43E;&#x440;</subfield>
  </datafield>
  <datafield tag="700" ind1=" " ind2="1">
    <subfield code="8">rus</subfield>
    <subfield code="7">ca</subfield>
    <subfield code="a">&#x421;&#x430;&#x43B;&#x438;&#x430;&#x441;-&#x434;&#x435;-&#x422;&#x443;&#x440;&#x43D;&#x435;&#x43C;&#x438;&#x440;</subfield>
    <subfield code="b">&#x415;. &#x410;.</subfield>
    <subfield code="f">1840-1908</subfield>
    <subfield code="g">&#x415;&#x432;&#x433;&#x435;&#x43D;&#x438;&#x439; &#x410;&#x43D;&#x434;&#x440;&#x435;&#x435;&#x432;&#x438;&#x447;</subfield>
    <subfield code="3">RU\NLR\auth\7718544</subfield>
    <subfield code="9">1621</subfield>
  </datafield>
  <datafield tag="790" ind1=" " ind2="1">
    <subfield code="8">rus</subfield>
    <subfield code="7">ca</subfield>
    <subfield code="a">&#x421;&#x430;&#x43B;&#x438;&#x430;&#x441;-&#x434;&#x435;-&#x422;&#x443;&#x440;&#x43D;&#x435;&#x43C;&#x438;&#x440;</subfield>
    <subfield code="b">&#x415;. &#x410;.</subfield>
    <subfield code="f">1840-1908</subfield>
    <subfield code="g">&#x415;&#x432;&#x433;&#x435;&#x43D;&#x438;&#x439; &#x410;&#x43D;&#x434;&#x440;&#x435;&#x435;&#x432;&#x438;&#x447;</subfield>
    <subfield code="3">RU\NLR\AUTH\7718544</subfield>
    <subfield code="9">1621</subfield>
  </datafield>
  <datafield tag="801" ind1=" " ind2="0">
    <subfield code="a">RU</subfield>
    <subfield code="b">NLR</subfield>
    <subfield code="g">psbo</subfield>
  </datafield>
  <datafield tag="801" ind1=" " ind2="1">
    <subfield code="a">RU</subfield>
    <subfield code="b">ProSoft-M</subfield>
    <subfield code="2">rusmarc</subfield>
  </datafield>
  <datafield tag="852" ind1=" " ind2=" ">
    <subfield code="a">NLR</subfield>
    <subfield code="j">45/433</subfield>
  </datafield>
  <datafield tag="942" ind1=" " ind2=" ">
    <subfield code="c">BOOK</subfield>
  </datafield>
  <datafield tag="980" ind1=" " ind2=" ">
    <subfield code="a">NB</subfield>
  </datafield>
  <datafield tag="995" ind1=" " ind2=" ">
    <subfield code="5">2013-10-26</subfield>
    <subfield code="b">NLR02</subfield>
    <subfield code="c">NLR02</subfield>
    <subfield code="e">RFS</subfield>
    <subfield code="f">4988981-10</subfield>
    <subfield code="k">45/433</subfield>
    <subfield code="o">0</subfield>
    <subfield code="r">BOOK</subfield>
    <subfield code="s">45433_</subfield>
  </datafield>
</record>
